Seis pares de zapatos para la acción: una solución para cada problema y un enfoque para cada solución
Saved in:
| Hovedforfatter: | |
|---|---|
| Format: | Bog |
| Sprog: | spansk |
| Udgivet: |
Barcelona, España
Paidós
1992
|
| Serier: | Paidós Empresa,
13 |
| Fag: | |
| Tags: |
Tilføj Tag
Ingen Tags, Vær først til at tagge denne postø!
|
MARC
| LEADER | 00000nam a2200000 a 4500 | ||
|---|---|---|---|
| 001 | UCS3784 | ||
| 003 | CL-VaPUC | ||
| 005 | 20210826074600.0 | ||
| 008 | 970718e19920000SP |||||||||||||||||spa|d | ||
| 999 | |c 261339 |d 261337 | ||
| 040 | |c Pontificia Universidad Católica de Valparaíso | ||
| 082 | 0 | 4 | |a 158.1 BON 1992 |2 21 |
| 100 | 0 | |a Bono, Edward de |e autor |9 389984 | |
| 245 | 1 | 0 | |a Seis pares de zapatos para la acción: una solución para cada problema y un enfoque para cada solución |
| 260 | 0 | 3 | |a Barcelona, España |b Paidós |c 1992 |
| 300 | |a 179 páginas | ||
| 490 | 0 | |a Paidós Empresa, |v 13 | |
| 583 | |a last modification |c 19970718 00:00:00 |k Rodrigo Vera | ||
| 650 | 0 | |a Psicología aplicada |9 270762 | |
| 650 | 0 | |a Creatividad |9 310816 | |
| 650 | 0 | |a Toma de decisiones |9 257530 | |
| 942 | |c BK |2 ddc | ||
| 945 | |d 19970718 00:00:00 |a rleighto | ||
| 952 | |0 0 |1 0 |2 ddc |4 0 |6 158_100000000000000_BON_1992 |7 0 |8 A |9 288722 |a BIBEDU |b BIBEDU |d 2019-11-19 |i 3311740 |o 158.1 BON 1992 |p 3311740 |r 2019-11-19 |t 1 |w 2019-11-19 |y BK |k EDU | ||